国土地理院 1万分の1地形図 - Statistics

General Stats
  • This quiz has been taken 59 times
  • The average score is 79 of 311
Answer Stats
都市圏 2万5千分の1地形図 Answer % Correct
札幌
87%
旭川 旭川
85%
旭川東部
85%
函館 函館
74%
仙台駅
74%
青森 青森
72%
盛岡 盛岡
72%
盛岡北部
72%
浦和
62%
栃木 宇都宮
60%
所沢 所沢
60%
秋田 秋田
58%
山形 山形
58%
水戸 水戸
58%
前橋 前橋
58%
福島 福島
57%
草加 草加
57%
赤羽
55%
流山 流山
55%
松戸
55%
浦安 浦安
55%
浦安南部
55%
渋谷
55%
55%
船橋
53%
千葉西部
53%
千葉東部
53%
五井 千葉西南部
53%
立川
53%
八王子 八王子
53%
蘇我 蘇我
51%
新宿
51%
吉祥寺
51%
東京周辺 浦和 大宮
49%
49%
船橋 市川
49%
品川
49%
川崎
49%
池袋
47%
府中
47%
東京国際空港 羽田空港
47%
蒲田
47%
鎌倉 鎌倉
47%
東京首都 上野
45%
横須賀
45%
岐阜西部 岐阜西部
45%
岐阜 岐阜
45%
静岡・清水 興津 清水
45%
清水 清水西部
45%
浜松 浜松
45%
名古屋周辺 一宮 一宮
45%
一宮東部
45%
春日
45%
溝口
43%
戸塚 戸塚
43%
藤沢
43%
平塚北部
43%
平塚 平塚南部
43%
静岡東部 静岡
43%
小牧 小牧
43%
瀬戸
43%
鹿児島 鹿児島北部
43%
鹿児島南部
43%
厚木
42%
金沢 金沢
42%
甲府 甲府
42%
富士 富士
42%
生駒
42%
西宮
42%
川口
40%
国分寺
40%
江の島
40%
伊勢原 伊勢原
40%
新潟駅
40%
富山 富山
40%
福井 福井
40%
長野 長野
40%
高蔵寺 高蔵寺
40%
八幡市
40%
大阪周辺 高槻 高槻
40%
枚方 枚方
40%
吹田
40%
八幡駅
40%
那覇 那覇
40%
逗子
38%
大和
38%
宇治 宇治
38%
伊丹
38%
宝塚 宝塚
38%
須磨
38%
奈良
38%
和歌山 和歌山
38%
岡山 岡山
38%
大分 大分
38%
宮崎 宮崎
38%
千葉西部 幕張
36%
座間 座間
36%
海老名
36%
江の島 茅ヶ崎
36%
36%
大和郡山 大和郡山
36%
鳥取 鳥取
36%
松江 松江
36%
広島駅
36%
徳島 徳島
36%
高松 高松
36%
松山 松山
36%
高知 高知
36%
小倉
36%
博多
36%
佐賀 佐賀
36%
長崎 長崎
36%
熊本 熊本
36%
札幌東部 白石
34%
厚別
34%
習志野 津田沼
34%
中野
34%
溝口 調布
34%
鶴見
34%
清州 清州
34%
鳴海
34%
茨木
34%
山口 山口
34%
東京西部 練馬
32%
東京南部 新橋
32%
32%
大阪東南部 天王寺
32%
門司
32%
東京西南部 世田谷
30%
小平
30%
川崎 武蔵小杉
30%
大船
30%
春日井北部
30%
春日井
30%
寝屋川
30%
豊中
30%
三宮
30%
長町
28%
稲毛
28%
関内
28%
保土ヶ谷
28%
上溝 上溝
28%
大阪西北部 尼崎
28%
西宮 芦屋
28%
石山 真駒内
26%
赤羽 戸田
26%
小金井
26%
東扇島 東扇島
26%
名古屋南部
26%
平針
26%
札幌 札幌 琴似
25%
八潮
25%
吉祥寺 田無
25%
新横浜
25%
伏見
23%
伊丹 川西
23%
折尾
23%
中山
21%
日本橋
21%
武蔵府中 豊田
21%
葉山
21%
京都 京都東北部 岩倉
21%
守口
21%
八尾
21%
須磨 垂水
21%
志木 清瀬
19%
荏田 荏田
19%
京都東南部 東山
19%
長岡京
19%
大阪東北部 新大阪
19%
藤井寺
19%
神戸南部 長田
19%
福岡 福岡 香椎
19%
福岡西南部 西新
19%
麻生
17%
札幌東北部 丘珠
17%
守山
17%
長久手
17%
平針 日進
17%
生駒山
17%
17%
天理
17%
福岡空港
17%
札幌北部 発寒
15%
亀有
15%
行徳
15%
亀戸
15%
瀬戸 尾張旭
15%
西九条
15%
布施
15%
住之江
15%
千葉東部 四街道
13%
青葉台
13%
扇島
13%
東戸塚
13%
本牧 根岸
13%
上大岡
13%
二宮
13%
知立 豊明
13%
泉大津
13%
広島 祇園
13%
宮崎空港
13%
大麻
11%
西新井
11%
松戸 新松戸
11%
金沢文庫
11%
樟葉
11%
大正
11%
古市 松原
11%
箕面
11%
奈良 奈良 西大寺
11%
五日市
11%
福岡南部 大橋
11%
鶴崎
11%
谷山
11%
中の島
9%
月寒
9%
青葉山
9%
港南台
9%
寒川
9%
蟹江 八田
9%
京都西南部
9%
城陽
9%
香里園
9%
大阪城
9%
高島平
8%
自由が丘
8%
石神井
8%
成城
8%
百合丘
8%
鷺沼
8%
横浜東部 新子安
8%
愛川
8%
大谷
8%
熱田神宮
8%
大津
8%
ポートアイランド
8%
岡南
8%
塩浜
6%
横浜港口
6%
横浜西部 鶴ヶ峰
6%
甚目寺
6%
名古屋城
6%
東山公園
6%
飛島 金城ふ頭
6%
京都西北部 太秦
6%
生駒山 四条畷
6%
十三
6%
長居
6%
大阪西南部 大阪港
6%
北野田
6%
岸和田東部 忠岡
6%
仙台 桜ヶ丘
4%
七北田
4%
大泉学園
4%
八千代台
4%
青戸
4%
浮島
4%
三ツ沢
4%
横須賀 追浜
4%
馬堀海岸
4%
原町田 相模台
4%
長後
4%
新潟 新潟港
4%
日本平
4%
丸子
4%
国府宮
4%
野並
4%
鳴海 柴田
4%
京都御所
4%
山崎
4%
吹田 万国博記念公園
4%
六甲アイランド
4%
湊川
4%
江波
4%
黄金山
4%
野芥
4%
福田町
2%
西多賀
2%
常盤平
2%
松飛台
2%
夢の島
2%
大井ふ頭
2%
若洲
2%
立川 砂川
2%
福田
2%
藤沢 倉見
2%
厚木 荻野
2%
鳥屋野潟
2%
岐阜 北方岐阜北部 金華山
2%
笠松
2%
駒越
2%
一宮インターチェンジ
2%
下之一色町
2%
名古屋北部
2%
瀬田
2%
鴻池
2%
尼崎港
2%
南港
2%
堺泉北港
2%
喜志
2%
岸和田西部 岸和田港
2%
甲山
2%
鳴尾浜
2%
神戸首都 摩耶山
2%
帯解
2%
平和公園
2%
北九州 若戸大橋
2%
三萩野
2%
板付
2%
老司
2%
No matching quizzes found
Score Distribution
Percent of People with Each Score
Percentile by Number Answered
Your Score History
You have not taken this quiz